မေတ္တသုတ်ပရိတ်တရားတော်= The Safeguard of The Discourse on Loving - Kindness / (Record no. 16621)

000 -LEADER
fixed length control field 01430nam a2200229Ia 4500
003 - CONTROL NUMBER IDENTIFIER
control field OSt
005 - DATE AND TIME OF LATEST TRANSACTION
control field 20241029135349.0
007 - PHYSICAL DESCRIPTION FIXED FIELD--GENERAL INFORMATION
fixed length control field ca aa aaaaa
008 - FIXED-LENGTH DATA ELEMENTS--GENERAL INFORMATION
fixed length control field 201103s9999 xx 000 0 und d
040 ## - CATALOGING SOURCE
Transcribing agency SSBUL
041 ## - LANGUAGE CODE
Language code of text/sound track or separate title bur
082 ## - DEWEY DECIMAL CLASSIFICATION NUMBER
Edition number 23
Classification number ၂၉၄.၃၄၄၃ ဝိ
Item number ၁၃၅၃၀ S-KZN
100 0# - MAIN ENTRY--PERSONAL NAME
Personal name ဝိစိတ္တသာရာဘိဝံသ၊ အရှင် (မင်းကွန်းဆရာတော်)။
9 (RLIN) 51493
245 10 - TITLE STATEMENT
Title မေတ္တသုတ်ပရိတ်တရားတော်= The Safeguard of The Discourse on Loving - Kindness /
Statement of responsibility, etc. အရှင်ဝိစိတ္တသာရာဘိဝံသ(မင်းကွန်းဆရာတော်)၊ ဘာသာပြန်သူ ဦးဝင်းဖေ။
260 ## - PUBLICATION, DISTRIBUTION, ETC.
Place of publication, distribution, etc. ရန်ကုန် ၊
Name of publisher, distributor, etc. တိပိဋက=နိကာယသာသနာပြုဥပဌာနစာအုပ်စာပေ၊ အနုပညာနှင့်မော်ကွန်းအဖွဲ့၊
Date of publication, distribution, etc. ၁၉၉၅။
300 ## - PHYSICAL DESCRIPTION
Extent ၁၉၁ စာမျက်နှာ ၊
Dimensions ၁၈ စင်တီ။
500 ## - GENERAL NOTE
General note အင်္ဂလိပ်-မြန်မာနှစ်ဘာသာဖြင့် ရေးသားထားသည်။
General note S-KZN: Prof. Kyaw Zaw Naing<br/>S-SAT: Dr. Sai Aung Tun
650 ## - SUBJECT ADDED ENTRY--TOPICAL TERM
Topical term or geographic name entry element ဗုဒ္ဓတရားတော်
700 ## - ADDED ENTRY--PERSONAL NAME
Personal name ဝင်းဖေ၊ ဦး
9 (RLIN) 11757
942 ## - ADDED ENTRY ELEMENTS (KOHA)
Source of classification or shelving scheme
Koha item type Book (Short term)
Holdings
Withdrawn status Lost status Source of classification or shelving scheme Damaged status Not for loan Collection code Permanent Location Current Location Shelving location Date acquired Total Checkouts Full call number Barcode Date last seen Price effective from Koha item type Accession
          Special Collections Shan State Buddhist University Library Shan State Buddhist University Library Special Collection Shelves 15/02/2023   ၂၉၄.၃၄၄၃ ဝိ ၉၀၉၇ S-SAT MB00009097 15/02/2023 15/02/2023 Book (Short term) ၉၀၉၇ S-SAT
          Special Collections Shan State Buddhist University Library Shan State Buddhist University Library Special Collection Shelves 15/02/2023   ၂၉၄.၃၄၄၃ ဝိ ၁၃၅၃၀ S-KZN MB00013530 14/08/2024 15/02/2023 Book (Short term) ၁၃၅၃၀ S-KZN

Library - 09407999929
Admin Office - 09407999979
Dean Office - 09250910768
Registrar Office - 09892297154
Email - [email protected]
Shan State Buddhist University, Phaya Phyu Taunggyi, Shan State, Myanmar.